=LDR 00000nam 2200000 4500 =001 INLIS000000000014621 =005 20130612105911 =008 ***********************************Ind** =035 ##$$0010-061300000014621 =041 ##$$a Ind =082 ##$$a 657.42 =090 ##$$a 657.42, Win a =100 ##$$a Winenggah, Amin wijaja =245 ##$$a Aktifity Based Costing, AminWijaya Tunggal =260 ##$$a 1992 $b jakarta =300 ##$$a x,106 Hlm, Ilus, 21 cm =650 ##$$a Akuntansi Biaya =850 ##$$a NBPNMAT